00543nam a22002057a 450000500170000001000130001702000100003003500130004003700160005304000120006908200160008110000210009724500660011826000270018427000360021130000250024750000200027265000270029265000180031920170124110209.0 aA-043103 c00.00 aA-043103 bCen Lib/Ret aDPLbEN a370.15bVAL aValentine, C. W. aPsychology and its bearing on education /cby C. W. Valentine aLondonbMethuen c1950 bLondona36 Essex Street, Strand axvi,674p. c18cm(Hb) aIncludes index  aEducational psychology aMental health